University Home | Library Home | Institutional Repository

Proceedings of the fourth regional Chichela lodge, South Luangwa National Park, Zambia, 26-30 July, 1976 ... (Record no. 82609)

MARC details
000 -LEADER
fixed length control field 00887cam0a220018100 4500
001 - CONTROL NUMBER
control field tmp15900741
003 - CONTROL NUMBER IDENTIFIER
control field UPRA
005 - DATE AND TIME OF LATEST TRANSACTION
control field 20190816093625.0
008 - FIXED-LENGTH DATA ELEMENTS--GENERAL INFORMATION
fixed length control field 951109s1976 za eng u
035 ## - SYSTEM CONTROL NUMBER
System control number (Sirsi) r38197
035 ## - SYSTEM CONTROL NUMBER
System control number (UPRA)tmp15900741
040 ## - CATALOGING SOURCE
Transcribing agency UPRA
111 2# - MAIN ENTRY--MEETING NAME
Meeting name or jurisdiction name as entry element Regional Wildlife Conference for Eastern and Central Africa (4th : 1976 : Chiche Lodge Zambia)
Number of part/section/meeting Regional Wildlife Conference for Eastern and Central Africa (4th : 1976 : Chiche Lodge Zambia)
Date of meeting or treaty signing Regional Wildlife Conference for Eastern and Central Africa (4th : 1976 : Chiche Lodge Zambia)
Location of meeting Regional Wildlife Conference for Eastern and Central Africa (4th : 1976 : Chiche Lodge Zambia)
Linkage A99781.1
245 10 - TITLE STATEMENT
Title Proceedings of the fourth regional Chichela lodge, South Luangwa National Park, Zambia, 26-30 July, 1976 ...
260 ## - PUBLICATION, DISTRIBUTION, ETC.
Date of publication, distribution, etc. [1976]
949 ## - LOCAL PROCESSING INFORMATION (OCLC)
a S912
w lcc
m MAIN
t BOOK
l ON-SHELF

No items available.

© 2026 - The University of Zambia Library - Koha v25.11